00789 2200157 4500245005200000250001100052700001900063650001400082005001900096260003700115041001400152084001100166300002400177500042100201336000900622 aKisah Nabi Musa & Fir'auncTim Ilmiah CRBhText aCet. 1 aTim Ilmiah CRB aNabi Musa a20240507082001 aBogorbCinta Remaja Bangsac2013 aIndonesia a2X3.46 a17 hlm. :c20.5 cm. aSalah satu kisah yang Allah ceritaka adalah Kisah Nabi Musa dan Firaun. Mungkin kedua nama tersebut tidak asing di telinga kita. Akan tetapi, tahukah kita, bahwa kisah tentang Nabi Musa, adalah kisah yang paling banyak diceritakan di dalam Al-Quran dibandingkan nabi-nabi lainnya? Tentu ini salah satunya mengandung makna bahwa kisah perjalanan Nabi Musa memiliki nilai yang tinggi sebagai pelajaran bagi kita semua. atext